Microbial biotechnology: Principles and applications (Record no. 165888)

MARC details
000 -LEADER
fixed length control field 00422nam a2200157Ia 4500
008 - FIXED-LENGTH DATA ELEMENTS--GENERAL INFORMATION
fixed length control field 230917s9999||||xx |||||||||||||| ||und||
040 ## - CATALOGING SOURCE
-- 213567
Original cataloging agency VIVEKANANDA LIBRARY
041 ## - Language
-- English
082 ## - DDC NUMBER
Classification number 660.6024576 K962M(3)
100 ## - MAIN ENTRY--PERSONAL NAME
Personal name Kun, Lee Yuan, ed.
245 #0 - TITLE STATEMENT
Title Microbial biotechnology: Principles and applications
250 ## - EDITION STATEMENT
Edition statement 3rd ed.
260 ## - PUBLICATION, DISTRIBUTION, ETC. (IMPRINT)
Place of publication, distribution, etc London
Name of publisher, distributor, etc World Scientific
Date of publication, distribution, etc 2013
300 ## - PHYSICAL DESCRIPTION
Pages xvi, 877 p.
942 ## - ADDED ENTRY ELEMENTS (KOHA)
Koha item type Books
Holdings
Withdrawn status Lost status Damaged status Not for loan Location (home branch) Sublocation or collection (holding branch) Date acquired Koha issues (times borrowed) Koha full call number Accession No. Koha date last seen Koha item type
        VIVEKANANDA LIBRARY VIVEKANANDA LIBRARY 25/06/2014   660.6024576 K962M(3) 306390 17/09/2023 Books
        VIVEKANANDA LIBRARY VIVEKANANDA LIBRARY 25/06/2014   660.6024576 K962M(3) 306391 17/09/2023 Books
        VIVEKANANDA LIBRARY VIVEKANANDA LIBRARY 25/06/2014   660.6024576 K962M(3) 334373 17/09/2023 Books
        VIVEKANANDA LIBRARY VIVEKANANDA LIBRARY 25/06/2014   660.6024576 K962M(3) 340312 17/09/2023 Books
© Designed and Maintained by Vivekananda Library, MDU Rohtak